El miedo y la libertad: cómo nos cambió la Segunda Guerra Mundial
Enregistré dans:
| Auteur principal: | |
|---|---|
| Format: | Livre |
| Langue: | espagnol |
| Publié: |
Barcelona
Galaxia Gutenberg
2017
|
| Édition: | 1a. ed |
| Sujets: | |
| Tags: |
Ajouter un tag
Pas de tags, Soyez le premier à ajouter un tag!
|
MARC
| LEADER | 00000cam a2200000 a 4500 | ||
|---|---|---|---|
| 001 | UCC3098 | ||
| 003 | CL-VaPUC | ||
| 008 | 180413e20171100sp |||||||||||||||||spa|d | ||
| 020 | |a 9788417088200 | ||
| 082 | 0 | 4 | |a 940.55 |b LOW |2 21 |
| 100 | |a Lowe, Keith |e autor |9 597165 | ||
| 245 | 1 | 3 | |a El miedo y la libertad: cómo nos cambió la Segunda Guerra Mundial |
| 250 | |a 1a. ed | ||
| 300 | |a 640 p | ||
| 942 | |c BK | ||
| 945 | |d 20180413 15:45:00 |a arojas | ||
| 260 | |a Barcelona |b Galaxia Gutenberg |c 2017 | ||
| 650 | 0 | |a Historia de Europa |9 392003 | |
| 650 | 7 | |a POSTGUERRA |2 CL-VaPUC |9 391812 | |
| 650 | 0 | |a Segunda Guerra Mundial |9 325982 | |
| 650 | 0 | |a Miedo |9 307306 | |
| 650 | 0 | |a Libertad |9 255686 | |
| 583 | |a last modification |c 20180413 15:45:00 |k Rodrigo Vera | ||
| 999 | |c 370952 |d 370950 | ||
| 952 | |0 0 |1 0 |3 erd |4 0 |6 940_550000000000000_LOW_2017 |7 0 |8 A |9 487754 |a BIBHIS |b BIBHIS |i 5464218 |o 940.55 LOW 2017 |p 5464218 |r 2025-01-20 |w 2019-11-24 |y BK |z Catalogado en:20180413 |k HIS | ||
| 952 | |0 0 |1 0 |3 erd |4 0 |6 940_550000000000000_LOW_2017 |7 0 |8 A |9 487755 |a BIBHIS |b BIBHIS |i 5505526 |o 940.55 LOW 2017 |p 5505526 |r 2025-01-20 |w 2019-11-24 |y BK |z Catalogado en:20181012 |k HIS | ||